000 01055nmm a2200301 a 4500
001 ocm000597290
003 TR-IsHL
005 20201028134700.0
008 131203s2009 tu tur
007 cr cn
020 _a9789752790926
035 _a597290
_b(N$T)
050 0 4 _aNX600.S9
_bB71 2009
090 0 4 _aNX600.S9
_bB71 2009
100 1 _aBreton, Andre
245 1 0 _aSürrealist manifestolar
_h[electronic resource] /
_cAndre Breton ; çev. Yeşim Kafa, Artemis Günebakanlı, Ayşe Güngör
260 _aİstanbul :
_bAltıkırkbeş Yayınları,
_c2009
300 _a152 p.
650 4 _aFelsefe, Psikoloji ve Din
650 4 _aPhilosophy, Psychology and Religion
650 0 _aSanat, Modern
_x 20. yüzyıl
650 0 _aArts, Modern
_x 20th century
650 7 _aART / History / Modern (late 19th Century to 1945)
_2bisacsh
700 1 _aKafa, Yeşim
700 1 _aGünebakanlı, Artemis
700 1 _aGüngör, Ayşe
856 4 0 _uhttp://search.ebscohost.com/login.aspx?direct=true&scope=site&db=e011xww&AN=597290
999 _c6326
_d6326